Score 0/18 Timer 02:00
0 Plays Today
Clue 5-Letter Rung % Correct
Lacking flavorBLAND
93.6%
Pizza sectionSLICE
93%
Select with a mouseCLICK
92%
Unlucky feline colorBLACK
90.8%
Like a salesman or an icy road?SLICK
90.4%
Cattle markerBRAND
90.2%
Cumin, e.g.SPICE
89.8%
Part of the central nervous systemBRAIN
88.9%
Protect a quarterback, perhapsBLOCK
88.4%
Clue 5-Letter Rung % Correct
EmptyBLANK
85.7%
Make challah or ropeBRAID
84.9%
Grandfather, e.g.CLOCK
84.2%
Muscular strengthBRAWN
83.7%
Expression of displeasure☺ FROWN ☺
82.8%
Ivy League memberBROWN
81.6%
Expression of pleasure☺ SMILE ☺
78.4%
Vindictiveness or ill willSPITE
77.1%
Clobber, in the BibleSMITE
70.3%

Today's Daily Dose

Missing Word
I Hardly Know Her!

Word Ladder
Sentence Ending

Quick Pick
Female Firsts

Get the Picture
Triathlon Sports

Remove Ads.
Support Sporcle.
Get the best of Sporcle when you Go Orange. This ad-free experience offers more features, more stats, and more fun while also helping to support Sporcle. Thank you for becoming a member.

You're not logged in!

Compare scores with friends on all Sporcle quizzes.
OR
Log In

Show Comments

Extras

Top Quizzes Today


Score Distribution

Your Account Isn't Verified!

In order to create a playlist on Sporcle, you need to verify the email address you used during registration. Go to your Sporcle Settings to finish the process.

Report this User

Report this user for behavior that violates our Community Guidelines.

Details: